Slovak Gold otvára svoj systém

Liberalizácia hodnotiaceho systému Slovak Gold po vstupe Slovenska do EÚ. Certifikát kvality dostali prví zahraniční výrobcovia. Bilancia nadácie Slovak Gold.

Gespeichert in:
Bibliographische Detailangaben
1. Verfasser: Brezovský, Jozef
Format: Buchkapitel
Sprache:Slowakisch
Schlagworte:
Tags: Tag hinzufügen
Keine Tags, Fügen Sie das erste Tag hinzu!

MARC

LEADER 00000naa$a2200000$$$4500
001 0024485
005 20231107125755.7
041 0 |a slo 
044 |a SK 
245 1 0 |a Slovak Gold otvára svoj systém  |c Jozef Brezovský 
520 |a Liberalizácia hodnotiaceho systému Slovak Gold po vstupe Slovenska do EÚ. Certifikát kvality dostali prví zahraniční výrobcovia. Bilancia nadácie Slovak Gold. 
610 2 0 |a výrobky 
610 2 0 |a výrobcovia 
610 2 0 |a kvalita výrobkov 
610 2 0 |a certifikácia 
610 2 0 |a certifikáty 
610 2 0 |a Slovensko 
610 2 0 |a Európska únia 
100 1 |a Brezovský, Jozef